The web builders (Record no. 67562)
[ view plain ]
| 000 -LEADER | |
|---|---|
| fixed length control field | 01486cam a2200265 4500 |
| 001 - CONTROL NUMBER | |
| control field | ABS64154 |
| 008 - FIXED-LENGTH DATA ELEMENTS--GENERAL INFORMATION | |
| fixed length control field | 000000n2001 000 0 eng u |
| 035 ## - SYSTEM CONTROL NUMBER | |
| System control number | (Sirsi) u113401 |
| 100 ## - MAIN ENTRY--PERSONAL NAME | |
| Personal name | Smith, K. |
| 245 #4 - TITLE STATEMENT | |
| Title | The web builders |
| 260 ## - PUBLICATION, DISTRIBUTION, ETC. | |
| Date of publication, distribution, etc. | 2001 |
| 490 ## - SERIES STATEMENT | |
| Series statement | Property Week |
| Volume/sequential designation | 66(25) 22 June 2001, 66-67(2) |
| 520 ## - SUMMARY, ETC. | |
| Summary, etc. | Feature on Land Securities' refurbishment of Portman House using Cadweb for electronic document distribution and control in the construction phase. At the start of the project, the team found Cadweb quite slow and hard to use as it could not be accessed via the internet. The system has since been improved and incorporates an in-built audit trail which flags up who should get drawings and subsequent revisions, retrieved records including when they are opened and whether responses are required, and when changes have been made and by whom which is valuable in valuation and claims situations. Concludes that using Cadweb could save money in similar projects if the electronic system completely replaces the traditional paper chase. Includes brief details of other systems available. |
| 590 ## - LOCAL NOTE (RLIN) | |
| Local note | ABS |
| 650 ## - SUBJECT ADDED ENTRY--TOPICAL TERM | |
| Topical term or geographic name entry element | LAND SECURITIES |
| 650 ## - SUBJECT ADDED ENTRY--TOPICAL TERM | |
| Topical term or geographic name entry element | CADWEB |
| 650 ## - SUBJECT ADDED ENTRY--TOPICAL TERM | |
| Topical term or geographic name entry element | DOCUMENT MANAGEMENT |
| 650 ## - SUBJECT ADDED ENTRY--TOPICAL TERM | |
| Topical term or geographic name entry element | SOFTWARE |
| 650 ## - SUBJECT ADDED ENTRY--TOPICAL TERM | |
| Topical term or geographic name entry element | PORTMAN HOUSE PROJECT |
| 650 ## - SUBJECT ADDED ENTRY--TOPICAL TERM | |
| Topical term or geographic name entry element | REFURBISHMENTS |
| 650 ## - SUBJECT ADDED ENTRY--TOPICAL TERM | |
| Topical term or geographic name entry element | ARCHITECTURAL DRAWINGS |
| 650 ## - SUBJECT ADDED ENTRY--TOPICAL TERM | |
| Topical term or geographic name entry element | MANAGEMENT-PROJECT MANAGEMENT |
| 690 ## - LOCAL SUBJECT ADDED ENTRY--TOPICAL TERM (OCLC, RLIN) | |
| Topical term or geographic name as entry element | MANAGEMENT-BUSINESS MANAGEMENT-INFORMATION MANAGEMENT |
| 942 ## - ADDED ENTRY ELEMENTS (KOHA) | |
| Suppress in OPAC | 0 |
| Withdrawn status | Lost status | Source of classification or shelving scheme | Damaged status | Not for loan | Home library | Current library | Shelving location | Date acquired | Total Checkouts | Full call number | Barcode | Date last seen | Copy number | Price effective from | Koha item type |
|---|---|---|---|---|---|---|---|---|---|---|---|---|---|---|---|
| Dewey Decimal Classification | London | London | Journal article | 03/07/2001 | ABS64154 | 113401-1001 | 06/08/2019 | 1 | 06/08/2019 | Journal article |